| 000 | 00834nas a2200277 4500 | ||
|---|---|---|---|
| 001 | BR9805234 | ||
| 003 | BR-BrBNA | ||
| 005 | 20231205101144.0 | ||
| 007 | ta | ||
| 008 | 230509b bl.|||p| |||| 00| 00por d | ||
| 040 |
_aBR-BrBNA _bpor _cBiblioteca Nacional de Agricultura |
||
| 041 | _a(Pt) | ||
| 072 | _aL51 | ||
| 100 | 1 | _aGomes, A.V.C. | |
| 100 | 1 | _aFerreira, W.M. | |
| 100 | 1 | _aSilva, R.N. | |
| 100 | 1 | _aCabral, L.S. | |
| 245 | 1 | _aDigestibilidade fecal e ileal de dietas com diferentes fontes de fibra para coelhos | |
| 650 | _aCoelho | ||
| 650 | _aDigestibilidade | ||
| 650 | _aFibra | ||
| 650 | _aDieta | ||
| 773 | 0 |
_tArquivo Brasileiro de Medicina Veterinaria e Zootecnia (Brazil) _xISSN 0102-0935 _g(Oct 1997), v. 49(5) p. 617-628 _wBR9805234 |
|
| 909 |
_a202311 _bLúcia _c55 _dLúcia Elande |
||
| 942 |
_2AGRIS _n0 _cANA |
||
| 999 |
_c160095 _d160095 |
||